000 00439nam a2200181Ia 4500
001 8054
005 20260306160541.0
008 260306t2011||||xx |||||||||||||| ||spa||
041 _aESP
082 _a370.114
_bF41
100 _aFernández García, Isabel
_eAUT
245 0 _aGuía para la convivencia en el aula
260 _c2011
300 _a202 páginas :
_c24 cm.
650 _aGEN
654 _aCED
942 _cLIB
_dJUS
_fJUS
_2ddc
_n
999 _c8054
_d8054